The cliffs / J. Courtney Sullivan.
Available copies
- 3 of 3 copies available at LARL/NWRL Consortium. (Show)
- 1 of 1 copy available at Northwest Regional Library.
Current holds
0 current holds with 3 total copies.
View other formats and editions
Show Only Available Copies
| Location | Call Number / Copy Notes | Barcode | Shelving Location | Status | Due Date |
|---|---|---|---|---|---|
| Hallock Public Library | SUL (Text) | 35500006795643 | Main | Available | - |
Record details
- ISBN: 9780593319154
- ISBN: 059331915X
- Physical Description: 373 pages ; 25 cm.
- Edition: First edition.
- Publisher: New York : Alfred A. Knopf, 2024.
- Copyright: ©2024
Content descriptions
| Summary, etc.: | "The crumbling Victorian had been abandoned long ... Read More |
Search for related items by subject
| Subject: | Women archivists > Fiction. Haunted houses > Fiction. Spirit possession > Fiction. Maine > Fiction. Ghosts > Fiction. Children > Fiction. Divorce > Fiction. Antiquities > Fiction. Missing persons > Fiction. |
| Genre: | Historical fiction. Domestic fiction. Historical fiction. Domestic fiction. Novels. |
| LDR | 03279cam a2200601 i 4500 | ||
|---|---|---|---|
| 001 | 432634 | ||
| 003 | LARL_NWRL_CONSORTIUM | ||
| 005 | 20240702153515.0 | ||
| 008 | 240619t20242024nyu e 000 1 eng | ||
| 010 | . | ‡a 2023028063 | |
| 040 | . | ‡aDLC ‡beng ‡erda ‡cBLP ‡dBLP ‡dOCLCO ‡dLJW ‡dOCLCO ‡dRNL ‡dFM0 ‡dVP@ ‡dOCLCO ‡dYU6 | |
| 020 | . | ‡a9780593319154 ‡q(hardcover) | |
| 020 | . | ‡a059331915X ‡q(hardcover) | |
| 020 | . | ‡z9780593319161 ‡q(eBook) | |
| 035 | . | ‡a(OCoLC)1440126566 | |
| 082 | 0 | 0. | ‡a813/.6 ‡223/eng/20230717 |
| 100 | 1 | . | ‡aSullivan, J. Courtney, ‡eauthor. ‡1https://id.oclc.org/worldcat/entity/E39PBJppG9fBWhbBjDTtgkKDbd ‡0(LARL_NWRL_CONSORTIUM)195915 |
| 245 | 1 | 4. | ‡aThe cliffs / ‡cJ. Courtney Sullivan. |
| 250 | . | ‡aFirst edition. | |
| 264 | 1. | ‡aNew York : ‡bAlfred A. Knopf, ‡c2024. | |
| 264 | 4. | ‡c©2024 | |
| 300 | . | ‡a373 pages ; ‡c25 cm. | |
| 336 | . | ‡atext ‡btxt ‡2rdacontent | |
| 337 | . | ‡aunmediated ‡bn ‡2rdamedia | |
| 338 | . | ‡avolume ‡bnc ‡2rdacarrier | |
| 520 | . | ‡a"The crumbling Victorian had been abandoned long before Jane ever discovered it as a child. It was painted a sweet violet color, and the gingerbread trim was blue and green, but inside was shambles--broken glass, a dollhouse ravaged by mice, bedsheets twisted as though someone had left in a hurry. Still, the house became a hideaway whenever Jane needed to escape her volatile mother. Twenty years later, now a Harvard archivist, she returns home to Maine following the dissolution of her marriage and is horrified to find the Victorian is barely recognizable. A rich lady from Beacon Hill has gutted it, and in its place stands a glossy white mansion straight out of a shelter magazine. But the home's new owner is unhappy. Her young son claims to have been speaking to the ghost of a child, and she keeps finding marbles on the floor. Troubled that she might have done something to anger the spirit world, a concept Jane dismisses as daffy, the wealthy woman hires her to research the land. The story Jane uncovers--of husbands lost at sea, wives mourning along the cliffs, historical artifacts stolen and sold, lovers secreted away, and, at the center of it all, a tale of colonialism--is as old as Maine itself"-- ‡cProvided by publisher. | |
| 650 | 0. | ‡aWomen archivists ‡vFiction. | |
| 650 | 0. | ‡aHaunted houses ‡vFiction. ‡0(LARL_NWRL_CONSORTIUM)165558 | |
| 650 | 0. | ‡aSpirit possession ‡vFiction. | |
| 651 | 0. | ‡aMaine ‡vFiction. ‡0(LARL_NWRL_CONSORTIUM)166017 | |
| 650 | 0. | ‡aGhosts ‡vFiction. ‡0(LARL_NWRL_CONSORTIUM)176019 | |
| 650 | 0. | ‡aChildren ‡vFiction. ‡0(LARL_NWRL_CONSORTIUM)16357 | |
| 650 | 0. | ‡aDivorce ‡vFiction. ‡0(LARL_NWRL_CONSORTIUM)164542 | |
| 650 | 0. | ‡aAntiquities ‡vFiction. | |
| 650 | 0. | ‡aMissing persons ‡vFiction. ‡0(LARL_NWRL_CONSORTIUM)165976 | |
| 655 | 0. | ‡aHistorical fiction. | |
| 655 | 0. | ‡aDomestic fiction. | |
| 655 | 7. | ‡aHistorical fiction. ‡2lcgft | |
| 655 | 7. | ‡aDomestic fiction. ‡2lcgft | |
| 655 | 7. | ‡aNovels. ‡2lcgft | |
| 901 | . | ‡a432634 ‡bOCoLC ‡c432634 ‡tbiblio ‡soclc | |

Add to basket
Permalink
Disable Highlighting